| 000 | 00296 a2200121 4500 | ||
|---|---|---|---|
| 999 |
_c321803 _d321803 |
||
| 001 | 86730 | ||
| 003 | NUST | ||
| 005 | 20180123111751.0 | ||
| 008 | 180123b xxu||||| |||| 00| 0 eng d | ||
| 082 | _a891.4397 ANW | ||
| 100 |
_aAnwar Ahmed Ilwi _99590 |
||
| 245 |
_aSood Kay Taghaqub Main _hUrdu |
||
| 260 |
_aKarachi _bFareed Publishers _c2003 |
||
| 300 | _a208p. | ||
| 942 |
_aCAE NUST _cBK _k891.4397 ANW _2ddc |
||